<?xml version="1.0" encoding="UTF-8"?>
<record
    xmlns:xsi="http://www.w3.org/2001/XMLSchema-instance"
    xsi:schemaLocation="http://www.loc.gov/MARC21/slim http://www.loc.gov/standards/marcxml/schema/MARC21slim.xsd"
    xmlns="http://www.loc.gov/MARC21/slim">

  <leader>02887nam a22002537a 4500</leader>
  <controlfield tag="005">20240612112004.0</controlfield>
  <controlfield tag="008">220412b           ||||| |||| 00| 0 eng d</controlfield>
  <datafield tag="020" ind1=" " ind2=" ">
    <subfield code="a">8173154694</subfield>
  </datafield>
  <datafield tag="040" ind1=" " ind2=" ">
    <subfield code="c">Aloy</subfield>
  </datafield>
  <datafield tag="041" ind1=" " ind2=" ">
    <subfield code="a">eng</subfield>
  </datafield>
  <datafield tag="082" ind1=" " ind2=" ">
    <subfield code="2">23</subfield>
    <subfield code="a">355.0092H</subfield>
    <subfield code="b">CARP</subfield>
  </datafield>
  <datafield tag="100" ind1=" " ind2=" ">
    <subfield code="a">Ian Cardozo:</subfield>
    <subfield code="9">170196</subfield>
  </datafield>
  <datafield tag="100" ind1=" " ind2=" ">
    <subfield code="9">37473</subfield>
    <subfield code="d"> &#x907;&#x92F;&#x93E;&#x928; &#x915;&#x930;&#x921;&#x94B;&#x91C;&#x94B; </subfield>
  </datafield>
  <datafield tag="245" ind1=" " ind2=" ">
    <subfield code="a">Param vir chakra</subfield>
    <subfield code="b"> &#x92A;&#x930;&#x92E; &#x935;&#x940;&#x930; &#x91A;&#x915;&#x94D;&#x930; </subfield>
  </datafield>
  <datafield tag="260" ind1=" " ind2=" ">
    <subfield code="a">Dilli</subfield>
    <subfield code="b">Prabhat Prakashan</subfield>
    <subfield code="c">2004</subfield>
  </datafield>
  <datafield tag="300" ind1=" " ind2=" ">
    <subfield code="a">245 p.</subfield>
    <subfield code="b">PB</subfield>
    <subfield code="c">22x14 cm.</subfield>
  </datafield>
  <datafield tag="365" ind1=" " ind2=" ">
    <subfield code="2">Military Science</subfield>
    <subfield code="b">200.00</subfield>
    <subfield code="c">&#x20B9;</subfield>
    <subfield code="d">200.00</subfield>
  </datafield>
  <datafield tag="520" ind1=" " ind2=" ">
    <subfield code="a">&#x92F;&#x939; &#x917;&#x94B;&#x932;&#x93F;&#x92F;&#x94B;&#x902; &#x915;&#x93E; &#x938;&#x93E;&#x92E;&#x928;&#x93E; &#x915;&#x930;&#x928;&#x947;&#x935;&#x93E;&#x932;&#x947; &#x938;&#x93E;&#x939;&#x938;&#x940; &#x935;&#x940;&#x930;&#x94B;&#x902;; &#x935;&#x93F;&#x92A;&#x930;&#x940;&#x924; &#x92A;&#x930;&#x93F;&#x938;&#x94D;&#x925;&#x93F;&#x924;&#x93F;&#x92F;&#x94B;&#x902; &#x92E;&#x947;&#x902; &#x91C;&#x93E;&#x928; &#x92A;&#x930; &#x916;&#x947;&#x932;&#x915;&#x930; &#x92D;&#x940; &#x905;&#x926;&#x94D;&#x935;&#x93F;&#x924;&#x940;&#x92F; &#x936;&#x94C;&#x930;&#x94D;&#x92F; &#x92A;&#x94D;&#x930;&#x926;&#x930;&#x94D;&#x936;&#x93F;&#x924; &#x915;&#x930;&#x928;&#x947;&#x935;&#x93E;&#x932;&#x947; &#x91C;&#x93E;&#x901;&#x92C;&#x93E;&#x91C;&#x94B;&#x902;; &#x905;&#x92A;&#x928;&#x947; &#x905;&#x927;&#x93F;&#x915;&#x93E;&#x930;&#x93F;&#x92F;&#x94B;&#x902; &#x926;&#x94D;&#x935;&#x93E;&#x930;&#x93E; &#x92A;&#x94D;&#x930;&#x947;&#x930;&#x93F;&#x924; &#x938;&#x93E;&#x939;&#x938;&#x940; &#x92D;&#x93E;&#x930;&#x924;&#x940;&#x92F; &#x938;&#x948;&#x928;&#x93F;&#x915;&#x94B;&#x902; &#x915;&#x940; &#x915;&#x939;&#x93E;&#x928;&#x940; &#x939;&#x948; &#x964; &#x939;&#x93E;&#x932;&#x93E;&#x901;&#x915;&#x93F; &#x92F;&#x941;&#x926;&#x94D;&#x927; &#x915;&#x93F;&#x938;&#x940; &#x926;&#x947;&#x936; &#x915;&#x940; &#x930;&#x93E;&#x91C;&#x928;&#x940;&#x924;&#x93F; &#x915;&#x93E; &#x90F;&#x915; &#x935;&#x93F;&#x938;&#x94D;&#x924;&#x93E;&#x930; &#x939;&#x948;; &#x92F;&#x941;&#x926;&#x94D;&#x927;&#x915;&#x94D;&#x937;&#x947;&#x924;&#x94D;&#x930; &#x92E;&#x947;&#x902; &#x92E;&#x941;&#x915;&#x93E;&#x92C;&#x932;&#x93E; &#x915;&#x930;&#x928;&#x947; &#x915;&#x940; &#x91C;&#x93F;&#x92E;&#x94D;&#x92E;&#x947;&#x926;&#x93E;&#x930;&#x940; &#x938;&#x948;&#x928;&#x93F;&#x915; &#x915;&#x940; &#x939;&#x94B;&#x924;&#x940; &#x939;&#x948; &#x964; ' &#x938;&#x94D;&#x935;&#x92F;&#x902; &#x938;&#x947; &#x92A;&#x939;&#x932;&#x947; &#x926;&#x947;&#x936; ' &#x935;&#x93E;&#x932;&#x940; &#x938;&#x902;&#x938;&#x94D;&#x915;&#x943;&#x924;&#x93F; &#x92E;&#x947;&#x902; &#x92A;&#x932;&#x947; &#x92D;&#x93E;&#x930;&#x924;&#x940;&#x92F; &#x938;&#x947;&#x928;&#x93E; &#x915;&#x947; &#x938;&#x93F;&#x92A;&#x93E;&#x939;&#x940; &#x92A;&#x94D;&#x930;&#x924;&#x93F;&#x915;&#x942;&#x932; &#x92A;&#x930;&#x93F;&#x938;&#x94D;&#x925;&#x93F;&#x924;&#x93F;&#x92F;&#x94B;&#x902; &#x915;&#x94B; &#x905;&#x935;&#x938;&#x930; &#x92E;&#x947;&#x902; &#x92C;&#x926;&#x932;&#x924;&#x947; &#x939;&#x941;&#x90F; &#x914;&#x930; &#x905;&#x938;&#x902;&#x92D;&#x935; &#x915;&#x94B; &#x938;&#x902;&#x92D;&#x935; &#x915;&#x930; &#x926;&#x93F;&#x916;&#x93E;&#x928;&#x947; &#x915;&#x947; &#x938;&#x93E;&#x925; &#x935;&#x93F;&#x91C;&#x92F; &#x92A;&#x94D;&#x930;&#x93E;&#x92A;&#x94D;&#x924; &#x915;&#x930;&#x924;&#x947; &#x939;&#x941;&#x90F; &#x91A;&#x941;&#x928;&#x94C;&#x924;&#x93F;&#x92F;&#x94B;&#x902; &#x915;&#x93E; &#x938;&#x93E;&#x92E;&#x928;&#x93E; &#x915;&#x930;&#x924;&#x947; &#x939;&#x948;&#x902; &#x964; &#x939;&#x93E;&#x932;&#x93E;&#x901;&#x915;&#x93F; &#x909;&#x928;&#x915;&#x947; &#x938;&#x93E;&#x939;&#x938;&#x940; &#x915;&#x93E;&#x930;&#x928;&#x93E;&#x92E;&#x94B;&#x902; &#x915;&#x94B; &#x92A;&#x941;&#x930;&#x938;&#x94D;&#x915;&#x943;&#x924; &#x915;&#x93F;&#x92F;&#x93E; &#x91C;&#x93E;&#x924;&#x93E; &#x939;&#x948;; &#x92A;&#x930;&#x902;&#x924;&#x941; &#x915;&#x908; &#x905;&#x928;&#x94D;&#x92F; &#x92C;&#x93E;&#x924;&#x94B;&#x902; &#x915;&#x94B; &#x917;&#x94C;&#x930; &#x915;&#x93F;&#x90F; &#x91C;&#x93E;&#x928;&#x947; &#x915;&#x940; &#x906;&#x935;&#x936;&#x94D;&#x92F;&#x915;&#x924;&#x93E; &#x939;&#x948; &#x915;&#x93F; &#x935;&#x939; &#x915;&#x94C;&#x928; &#x938;&#x940; &#x91A;&#x940;&#x91C; &#x939;&#x948;; &#x91C;&#x94B; &#x909;&#x928;&#x94D;&#x939;&#x947;&#x902; &#x910;&#x938;&#x93E; &#x92C;&#x928;&#x93E;&#x924;&#x940; &#x939;&#x948;? &#x92F;&#x939; &#x92A;&#x941;&#x938;&#x94D;&#x924;&#x915; &#x92D;&#x93E;&#x930;&#x924;&#x940;&#x92F; &#x938;&#x948;&#x928;&#x93F;&#x915;&#x94B;&#x902; &#x915;&#x940; &#x905;&#x92A;&#x928;&#x947; &#x926;&#x947;&#x936; &#x915;&#x947; &#x92A;&#x94D;&#x930;&#x924;&#x93F; &#x92A;&#x94D;&#x930;&#x924;&#x93F;&#x92C;&#x926;&#x94D;&#x927;&#x924;&#x93E; &#x914;&#x930; &#x938;&#x92E;&#x930;&#x94D;&#x92A;&#x923; &#x915;&#x94B; &#x92C;&#x947;&#x939;&#x924;&#x930; &#x924;&#x930;&#x940;&#x915;&#x947; &#x938;&#x947; &#x938;&#x92E;&#x91D;&#x928;&#x947; &#x92E;&#x947;&#x902; &#x92E;&#x926;&#x926; &#x915;&#x930;&#x924;&#x940; &#x939;&#x948; &#x964;
</subfield>
  </datafield>
  <datafield tag="650" ind1=" " ind2=" ">
    <subfield code="a">Indian Army: &#x92D;&#x93E;&#x930;&#x924;&#x940;&#x92F; &#x938;&#x947;&#x928; </subfield>
    <subfield code="9">29431</subfield>
  </datafield>
  <datafield tag="650" ind1=" " ind2=" ">
    <subfield code="a">Jammu Kashmir War:  &#x91C;&#x92E;&#x94D;&#x92E;&#x942; &#x915;&#x936;&#x94D;&#x92E;&#x940;&#x930; &#x92F;&#x941;&#x926;&#x94D;&#x927; </subfield>
    <subfield code="9">29432</subfield>
  </datafield>
  <datafield tag="650" ind1=" " ind2=" ">
    <subfield code="a">India China War: &#x92D;&#x93E;&#x930;&#x924; &#x91A;&#x940;&#x928; &#x92F;&#x941;&#x926;&#x94D;&#x927; </subfield>
    <subfield code="9">29433</subfield>
  </datafield>
  <datafield tag="700" ind1=" " ind2=" ">
    <subfield code="a">CARDOZO (Ian): &#x915;&#x930;&#x921;&#x94B;&#x91C;&#x94B; (&#x907;&#x92F;&#x93E;&#x928;)</subfield>
    <subfield code="9">29434</subfield>
  </datafield>
  <datafield tag="942" ind1=" " ind2=" ">
    <subfield code="2">ddc</subfield>
    <subfield code="c">GF</subfield>
  </datafield>
  <datafield tag="999" ind1=" " ind2=" ">
    <subfield code="c">222377</subfield>
    <subfield code="d">222377</subfield>
  </datafield>
  <datafield tag="952" ind1=" " ind2=" ">
    <subfield code="0">0</subfield>
    <subfield code="1">0</subfield>
    <subfield code="2">ddc</subfield>
    <subfield code="4">0</subfield>
    <subfield code="7">0</subfield>
    <subfield code="8">OTH</subfield>
    <subfield code="a">AL</subfield>
    <subfield code="b">AL</subfield>
    <subfield code="d">2013-04-24</subfield>
    <subfield code="l">0</subfield>
    <subfield code="o">355.0092H CARP</subfield>
    <subfield code="p">GF02724</subfield>
    <subfield code="r">2022-04-12 00:00:00</subfield>
    <subfield code="w">2022-04-12</subfield>
    <subfield code="y">GF</subfield>
  </datafield>
  <datafield tag="952" ind1=" " ind2=" ">
    <subfield code="0">0</subfield>
    <subfield code="1">0</subfield>
    <subfield code="2">ddc</subfield>
    <subfield code="4">0</subfield>
    <subfield code="7">0</subfield>
    <subfield code="8">OTH</subfield>
    <subfield code="a">AL</subfield>
    <subfield code="b">AL</subfield>
    <subfield code="d">2013-03-24</subfield>
    <subfield code="l">0</subfield>
    <subfield code="o">355.0092H CARP</subfield>
    <subfield code="p">GF02725</subfield>
    <subfield code="r">2022-04-12 00:00:00</subfield>
    <subfield code="w">2022-04-12</subfield>
    <subfield code="y">GF</subfield>
  </datafield>
</record>
